| 000 | 00736cab a2200205 4500 | ||
|---|---|---|---|
| 001 | WB2820-32 | ||
| 008 | 090401t1992 xxu||||| |||| 00| 0 eng d | ||
| 035 | _a(Sirsi) u12860 | ||
| 041 | _aeng | ||
| 245 | _aFullers earth resources | ||
| 260 | _c1992 | ||
| 350 | _a0 | ||
| 490 |
_aDoE News Release _v(329) 14 May 1992 (5) |
||
| 520 | _aThere is little chance of finding significant deposits of fuller`s earth outside those areas where it is currently known to exist, according to a report published by the British Geological Survey "An appriasal of fuller`s earth resources in England and Wales". | ||
| 650 | _aFULLERS EARTH | ||
| 650 | _aMINERAL RESOURCES | ||
| 690 | _aMINING AND MINERALS | ||
| 942 | _n0 | ||
| 948 | _c04/03/1997 | ||
| 999 |
_c8250 _d8250 |
||